[Event "Vaxjo op"]
[Site "Vaxjo"]
[Date "2025.02.08"]
[Round "6"]
[White "Ljung, Harald"]
[Black "Alexandersson, Niklas"]
[Result "1-0"]
[WhiteElo "2169"]
[BlackElo "2024"]
[PlyCount "109"]
[EventDate "2025.02.07"]
[EventType "swiss"]
[EventRounds "8"]
[EventCountry "SWE"]
[SourceTitle "CB07_2025"]
[SourceDate "2025.02.12"]
[SourceVersion "1"]
[SourceVersionDate "2025.02.12"]
[SourceQuality "1"]

1. d4 d6 2. Nf3 Nd7 3. g3 e6 4. Bg2 Ne7 5. 0-0 h6 6. c4 g5 7. Nc3 Ng6 8. b3 g4 9. Ne1 h5 10. e4 Bg7 11. f4 c5 12. Nb5 Bxd4+ 13. Nxd4 cxd4 14. Qxd4 Qb6 15. Qxb6 Nxb6 16. Ba3 Bd7 17. Bxd6 0-0-0 18. c5 Na8 19. Nd3 f5 20. Nb4 Nc7 21. a4 h4 22. Rac1 a5 23. c6 Bxc6 24. Bxc7 Kxc7 25. Nxc6 bxc6 26. exf5 Ne7 27. fxe6 hxg3 28. hxg3 Rd3 29. Rcd1 Rhd8 30. Rxd3 Rxd3 31. f5 Kd6 32. f6 Kxe6 33. f7 Ng6 34. Be4 Rxg3+ 35. Kf2 Rf3+ 36. Bxf3 gxf3 37. Rc1 Kxf7 38. Rxc6 Ne5 39. Ra6 Ke7 40. Rxa5 Kd6 41. Rxe5 Kxe5 42. Kxf3 Kd5 43. Ke3 Kc5 44. Kd3 Kc6 45. Kc4 Kb6 46. b4 Kc6 47. a5 Kb7 48. b5 Kc7 49. Kc5 Kb7 50. a6+ Kc7 51. b6+ Kb8 52. Kc6 Ka8 53. b7+ Ka7 54. Kc7 Kxa6 55. b8Q 1-0